| 000 | 01207nmc a2200373 a 4500 | ||
|---|---|---|---|
| 003 | AR-BaBNM | ||
| 005 | 20251128211251.0 | ||
| 008 | 123020s2001 ||||||||||||||000 | spa|| | ||
| 020 | _a84-277-1364-9 | ||
| 040 | _cAR-BaBNM | ||
| 100 | 1 | _aGómez Chacón, Inés María | |
| 245 | 1 | 0 |
_aMatemáticas en la red _bInternet en el aula de secundaria |
| 250 | _a1ª ed. | ||
| 260 |
_aMadrid _bNarcea _bMinisterio de Educación, Cultura y Deporte _c2001 |
||
| 300 | 0 |
_a157 p. _bil., tablas _e1 CD-ROM |
|
| 490 | 0 | _aMateriales 12-16 para educacion secundaria | |
| 500 | 0 | _aSolicitar el material complementario en Mediateca no. 750445 | |
| 505 | _tPlanteamiento didáctico | ||
| 505 | _tRecursos, actividades de aprendizaje y evaluación | ||
| 505 | _tProyectos telemáticos | ||
| 505 | _tProyectos telemáticos | ||
| 650 | 4 | _aPROYECTOS | |
| 650 | 4 | _aENSENANZA DE LAS MATEMATICAS | |
| 650 | 4 | _aUNIDADES DE ENSENANZA | |
| 650 | 4 | _aCONCEPTOS MATEMATICOS | |
| 651 | 4 | _aEspaña | |
| 653 | 0 | _aEDUCACION SECUNDARIA | |
| 653 | 0 | _aESTRATEGIAS DIDACTICAS | |
| 653 | 0 | _aINTERNET | |
| 700 | _aFigueiras Ocaña, Lourdes | ||
| 700 | 1 | _aMarín Rodríguez, Margarita | |
| 942 | _cBK | ||
| 998 | _craquel | ||
| 999 |
_c18922 _d18922 |
||